000 00367nam a2200157Ia 4500
008 230711s9999||||xx |||||||||||||| ||und||
041 _aENG
082 _a624
_bPR-I
100 _aPrince Michael,
245 0 _aIntroducing ground water
250 _a2nd Ed.
260 _c1985
_aNew York
_bThomas Telford
300 _a189
650 _aCivil Engineering
942 _cBK
999 _c777
_d777